000 00519nam a22001817a 4500
008 151130b xxu||||| |||| 00| 0 eng d
020 _a0738209740
041 0 _aeng
080 _a618.6
100 1 _aCurtis, Glade B.
245 1 0 _aYour baby's first year week by week /
_cGlade B. Curtis, Judith Schuler.
250 _a2nd ed.
260 _aCambridge, MA :
_bDa Capo Lifelong,
_cc2005
300 _axvii, 568 f. :
_bme ill. ;
_c24 cm.
650 0 _aPediatri
_xKujdesi
700 1 _aSchuler, Judith.
942 _2udc
_cBK
999 _c1392
_d1392